América Latina frente a la crisis centroamericana: una propuesta de paz informe -resumen /

में बचाया:
ग्रंथसूची विवरण
निगमित लेखकों: APEP, IPRI CRIES PNUP
स्वरूप: मूलपाठ
प्रकाशित: Lima: APEP
टैग: टैग जोड़ें
कोई टैग नहीं, इस रिकॉर्ड को टैग करने वाले पहले व्यक्ति बनें!

MARC

LEADER 00000 a a2200000 04500
001 22752
003
040
090 |a 156400  
110 |a APEP  
245 |a América Latina frente a la crisis centroamericana: una propuesta de paz informe -resumen /  |c APEP  
260 |a Lima:   |b APEP  
300 |a 58 p.  
710 |a IPRI   |a CRIES   |a PNUP  
999 |c 15438  |d 15438